| 000 | 00458nam a22001577a 4500 | ||
|---|---|---|---|
| 005 | 20260318183246.0 | ||
| 008 | 260318b |||||||| |||| 00| 0 eng d | ||
| 020 |
_a9784861660238 _qhbk |
||
| 082 |
_a071.52 _bSYN.43 |
||
| 100 | _a Yokahama Archives of History | ||
| 245 |
_aThe Japan Weekly Mail _bSeries I: 1870-1899, Part 4, 1885-1889 |
||
| 260 |
_aAmerica _b Edition Synapse _c 26 January 2009 |
||
| 300 | _a620 p. | ||
| 504 | _aindex | ||
| 942 | _cREF | ||
| 999 |
_c618024 _d618024 |
||